{"text_format":"2","workbook":"xlsx","n_sheets":2,"sheets":["intrastat","Sheet"],"not_rendered":{"charts":0,"images":0,"macros":0,"external_links":0,"defined_names":1,"comments":0,"pivot_tables":0},"unopened":[],"bounds":{"document_bytes":16777216,"sheet_cells":100000,"run_cost":"one","rows_first":2000,"rows_last":500,"rows_between":2000,"halvings":0,"cell_chars":16384,"cell_head_chars":4096},"cells_cut":0,"cells_raw":0,"read":"whole","date_system":"1900"}

{"sheet":"intrastat","index":0,"n_rows":95,"n_cols":25,"rows_kept":95,"cut":false,"hidden":false,"merged":[]}
["DATA","FURNIZOR","CF","CountryOfOrigin","EXP","DeliveryTermsCode","ACode","Bcode","TransportCode","INVNR","VSCODE","NAME","GROUP","UM","Q","PRICE","NETWEIGHT","NETVALUE","SUPPL","SUPPLVALUE","Ppacking","Spacking","Paper","Plastic","Wooden"]
["2024-04-12","ATLAS DIGITAL SA","EL094154295","JP","GR","EXW",1,1.1000000000000001,3,null,"32151100","ROLAND EUV4 BK",null,"Buc",25,313.10000000000002,11.75,7827.5,2]
["2024-04-12","ATLAS DIGITAL SA","EL094154295","JP","GR","EXW",1,1.1000000000000001,3,null,"32151100","ROLAND UV INK UG-641 BK, 500cc",null,"Buc",6,252.5,2.82,1515,2]
["2024-04-12","ATLAS DIGITAL SA","EL094154295","JP","GR","EXW",1,1.1000000000000001,3,null,"32151100","ROLAND TE2 INK BK 500cc",null,"Buc",10,214.63,7.1,2146.25,2]
["2024-04-12","ATLAS DIGITAL SA","EL094154295","JP","GR","EXW",1,1.1000000000000001,3,null,"32151100","ROLAND TE2 INK BK 750cc",null,"Buc",5,297.95,8.5500000000000007,1489.75,2]
["2024-04-25","ATLAS DIGITAL SA","EL094154295","JP","GR","EXW",1,1.1000000000000001,3,null,"32151100","ROLAND MAX2 ESL4-440 BK",null,"Buc",3,409.05,1.86,1227.1500000000001,2]
["2024-04-25","ATLAS DIGITAL SA","EL094154295","JP","GR","EXW",1,1.1000000000000001,3,null,"32151100","ROLAND MAX2 ESL4-440 BK",null,"Buc",1,409.05,0.62,409.05,2]
["2024-04-25","ATLAS DIGITAL SA","EL094154295","JP","GR","EXW",1,1.1000000000000001,3,null,"32151100","ROLAND TE2 INK LC 750cc",null,"Buc",2,348.45,3.42,696.9,2]
["2024-04-25","ATLAS DIGITAL SA","EL094154295","JP","GR","EXW",1,1.1000000000000001,3,null,"32151100","ROLAND EUV5 INK BK 500cc",null,"Buc",2,414.1,1.24,828.2,2]
["2024-04-30","ATLAS DIGITAL SA","EL094154295","JP","GR","EXW",1,1.1000000000000001,3,null,"32151100","ROLAND EUV5P INK POUCH BK 750cc",null,"Buc",2,429.25,3.42,858.5,2,{"$f":"4375.95*0.1","v":437.59500000000003}]
["2024-04-04","ATLAS DIGITAL SA","EL094154295","JP","GR","EXW",1,1.1000000000000001,3,null,"32151900","ROLAND TE2 INK MG 500cc",null,"Buc",3,214.63,2.13,643.88,2]
["2024-04-04","ATLAS DIGITAL SA","EL094154295","JP","GR","EXW",1,1.1000000000000001,3,null,"32151900","ROLAND TE2 INK YE 500cc",null,"Buc",2,214.63,1.42,429.25,2]
["2024-04-04","ATLAS DIGITAL SA","EL094154295","JP","GR","EXW",1,1.1000000000000001,3,null,"32151900","ROLAND UV PRIMER METAL CMR-790 (1000 ml)",null,"Buc",2,126.25,1.36,252.5,2]
["2024-04-04","ATLAS DIGITAL SA","EL094154295","JP","GR","EXW",1,1.1000000000000001,3,null,"32151900","ROLAND UV INK UG-641 CY, 500cc",null,"Buc",4,252.5,1.88,1010,2]
["2024-04-12","ATLAS DIGITAL SA","EL094154295","JP","GR","EXW",1,1.1000000000000001,3,null,"32151900","ROLAND EUV4 WH",null,"Buc",25,313.10000000000002,11.75,7827.5,2]
["2024-04-12","ATLAS DIGITAL SA","EL094154295","JP","GR","EXW",1,1.1000000000000001,3,null,"32151900","ROLAND EUV4 YE",null,"Buc",25,313.10000000000002,11.75,7827.5,2]
["2024-04-12","ATLAS DIGITAL SA","EL094154295","JP","GR","EXW",1,1.1000000000000001,3,null,"32151900","ROLAND EUV4 MG",null,"Buc",25,313.10000000000002,11.75,7827.5,2]
["2024-04-12","ATLAS DIGITAL SA","EL094154295","JP","GR","EXW",1,1.1000000000000001,3,null,"32151900","ROLAND EUV4 CY",null,"Buc",20,313.10000000000002,9.3999999999999986,6262,2]
["2024-04-12","ATLAS DIGITAL SA","EL094154295","JP","GR","EXW",1,1.1000000000000001,3,null,"32151900","ROLAND EUV4 GL",null,"Buc",5,313.10000000000002,2.35,1565.5,2]
["2024-04-12","ATLAS DIGITAL SA","EL094154295","JP","GR","EXW",1,1.1000000000000001,3,null,"32151900","ROLAND UV INK UG-641 MG, 500cc",null,"Buc",6,252.5,2.82,1515,2]
["2024-04-12","ATLAS DIGITAL SA","EL094154295","JP","GR","EXW",1,1.1000000000000001,3,null,"32151900","ROLAND UV INK UG-641 YE, 500cc",null,"Buc",6,252.5,2.82,1515,2]
["2024-04-12","ATLAS DIGITAL SA","EL094154295","JP","GR","EXW",1,1.1000000000000001,3,null,"32151900","ROLAND UV INK UG-641 GL, 500cc",null,"Buc",2,252.5,0.94,505,2]
["2024-04-12","ATLAS DIGITAL SA","EL094154295","JP","GR","EXW",1,1.1000000000000001,3,null,"32151900","ROLAND TE2 INK YE 500cc",null,"Buc",10,214.63,7.1,2146.25,2]
["2024-04-12","ATLAS DIGITAL SA","EL094154295","JP","GR","EXW",1,1.1000000000000001,3,null,"32151900","ROLAND TE2 INK MG 500cc",null,"Buc",10,214.63,7.1,2146.25,2]
["2024-04-12","ATLAS DIGITAL SA","EL094154295","JP","GR","EXW",1,1.1000000000000001,3,null,"32151900","ROLAND TE2 INK CY 500cc",null,"Buc",10,214.63,7.1,2146.25,2]
["2024-04-12","ATLAS DIGITAL SA","EL094154295","JP","GR","EXW",1,1.1000000000000001,3,null,"32151900","ROLAND TE2 INK YE 750cc",null,"Buc",5,297.95,8.5500000000000007,1489.75,2]
["2024-04-12","ATLAS DIGITAL SA","EL094154295","JP","GR","EXW",1,1.1000000000000001,3,null,"32151900","ROLAND TE2 INK MG 750cc",null,"Buc",5,297.95,8.5500000000000007,1489.75,2]
["2024-04-12","ATLAS DIGITAL SA","EL094154295","JP","GR","EXW",1,1.1000000000000001,3,null,"32151900","ROLAND TE2 INK CY 750cc",null,"Buc",5,297.95,8.5500000000000007,1489.75,2]
["2024-04-25","ATLAS DIGITAL SA","EL094154295","JP","GR","EXW",1,1.1000000000000001,3,null,"32151900","ROLAND TE2 INK MG 500cc",null,"Buc",3,214.63,2.13,643.88,2]
["2024-04-25","ATLAS DIGITAL SA","EL094154295","JP","GR","EXW",1,1.1000000000000001,3,null,"32151900","ROLAND TE2 INK YE 500cc",null,"Buc",6,214.63,4.26,1287.75,2]
["2024-04-25","ATLAS DIGITAL SA","EL094154295","JP","GR","EXW",1,1.1000000000000001,3,null,"32151900","ROLAND MAX2 ESL4-440 YE",null,"Buc",3,409.05,1.86,1227.1500000000001,2]
["2024-04-25","ATLAS DIGITAL SA","EL094154295","JP","GR","EXW",1,1.1000000000000001,3,null,"32151900","ROLAND MAX2 ESL4-440 MG",null,"Buc",3,409.05,1.86,1227.1500000000001,2]
["2024-04-25","ATLAS DIGITAL SA","EL094154295","JP","GR","EXW",1,1.1000000000000001,3,null,"32151900","ROLAND MAX2 ESL4-440 LC",null,"Buc",2,409.05,1.24,818.1,2]
["2024-04-25","ATLAS DIGITAL SA","EL094154295","JP","GR","EXW",1,1.1000000000000001,3,null,"32151900","ROLAND EUV PR",null,"Buc",2,343.4,0.94,686.8,2]
["2024-04-25","ATLAS DIGITAL SA","EL094154295","JP","GR","EXW",1,1.1000000000000001,3,null,"32151900","ROLAND EUV4 WH",null,"Buc",25,313.10000000000002,11.75,7827.5,2]
["2024-04-25","ATLAS DIGITAL SA","EL094154295","JP","GR","EXW",1,1.1000000000000001,3,null,"32151900","ROLAND MAX2 ESL4-440 MG",null,"Buc",3,409.05,1.86,1227.1500000000001,2]
["2024-04-25","ATLAS DIGITAL SA","EL094154295","JP","GR","EXW",1,1.1000000000000001,3,null,"32151900","ROLAND MAX2 ESL4-440 CY",null,"Buc",2,409.05,1.24,818.1,2]
["2024-04-25","ATLAS DIGITAL SA","EL094154295","JP","GR","EXW",1,1.1000000000000001,3,null,"32151900","ROLAND TE2 INK LM 750cc",null,"Buc",2,348.45,3.42,696.9,2]
["2024-04-25","ATLAS DIGITAL SA","EL094154295","JP","GR","EXW",1,1.1000000000000001,3,null,"32151900","ROLAND EUV5 INK CY 500cc",null,"Buc",2,414.1,1.24,828.2,2]
["2024-04-25","ATLAS DIGITAL SA","EL094154295","JP","GR","EXW",1,1.1000000000000001,3,null,"32151900","ROLAND EUV5 INK MG 500cc",null,"Buc",1,414.1,0.62,414.1,2]
["2024-04-25","ATLAS DIGITAL SA","EL094154295","JP","GR","EXW",1,1.1000000000000001,3,null,"32151900","ROLAND EUV5 INK YE 500cc",null,"Buc",1,414.1,0.62,414.1,2]
["2024-04-30","ATLAS DIGITAL SA","EL094154295","JP","GR","EXW",1,1.1000000000000001,3,null,"32151900","ROLAND EUV5P INK POUCH CY 750cc",null,"Buc",2,429.25,3.42,858.5,2]
["2024-04-30","ATLAS DIGITAL SA","EL094154295","JP","GR","EXW",1,1.1000000000000001,3,null,"32151900","ROLAND EUV5P INK POUCH GL 750cc",null,"Buc",4,429.25,6.84,1717,2]
["2024-04-30","ATLAS DIGITAL SA","EL094154295","JP","GR","EXW",1,1.1000000000000001,3,null,"32151900","ROLAND EUV5P INK POUCH MG 750cc",null,"Buc",2,429.25,3.42,858.5,2]
["2024-04-30","ATLAS DIGITAL SA","EL094154295","JP","GR","EXW",1,1.1000000000000001,3,null,"32151900","ROLAND EUV5P INK POUCH WH 750cc",null,"Buc",4,464.6,6.84,1858.4,2]
["2024-04-30","ATLAS DIGITAL SA","EL094154295","JP","GR","EXW",1,1.1000000000000001,3,null,"32151900","ROLAND EUV5P INK POUCH YE 750cc",null,"Buc",2,429.25,3.42,858.5,2,{"$f":"4375.95*0.3","v":1312.7849999999999}]
["2024-04-04","ATLAS DIGITAL SA","EL094154295","JP","GR","EXW",1,1.1000000000000001,3,null,"34029090","ROLAND TR2 CLEANING LIQUID_2 500cc",null,"Buc",4,232.3,2.84,929.2,2,{"$f":"4375.95*0.05","v":218.79750000000001}]
["2024-04-05","ATLAS DIGITAL SA","EL094154295","JP","GR","EXW",1,1.1000000000000001,3,null,"84433900","ROLAND MG-640 UV PRINTER-CUTTER 64″",null,"Buc",1,66892.3,163,66892.3,2]
["2024-04-12","ATLAS DIGITAL SA","EL094154295","JP","GR","EXW",1,1.1000000000000001,3,null,"84433900","ROLAND UG-641 UV PRINTER-CUTTER 64″",null,"Buc",1,52015,94,52015,2]
["2024-04-19","ATLAS DIGITAL SA","EL094154295","JP","GR","EXW",1,1.1000000000000001,3,null,"84433900","ROLAND UG-641 UV PRINTER-CUTTER 64″",null,"Buc",1,52015,94,52015,2]
["2024-04-30","ATLAS DIGITAL SA","EL094154295","JP","GR","EXW",1,1.1000000000000001,3,null,"84433900","ROLAND MO-240 UV OBJECT PRINTER 24\" x 18\"",null,"Buc",1,115493.5,211,115493.5,2]
["2024-04-30","ATLAS DIGITAL SA","EL094154295","JP","GR","EXW",1,1.1000000000000001,3,null,"84433900","ROLAND ANTI-STATIC BAR for MO-240",null,"Buc",1,7186.15,52,7186.15,2,{"$f":"4375.95*0.3","v":1312.7849999999999}]
["2024-04-04","ATLAS DIGITAL SA","EL094154295","JP","GR","EXW",1,1.1000000000000001,3,null,"84439990","ROLAND ASSY,HEAD INKJET VS-640",null,"Buc",3,7741.65,0,23224.95,2]
["2024-04-04","ATLAS DIGITAL SA","EL094154295","JP","GR","EXW",1,1.1000000000000001,3,null,"84439990","ROLAND ASSY,HEAD INKJET SOL XC-540 SV2",null,"Buc",1,2348.0500000000002,0,2348.0500000000002,2]
["2024-04-04","ATLAS DIGITAL SA","EL094154295","JP","GR","EXW",1,1.1000000000000001,3,null,"84439990","ROLAND WIPER,HEAD FELT VS-640",null,"Buc",10,45.96,0,459.55,2]
["2024-04-04","ATLAS DIGITAL SA","EL094154295","JP","GR","EXW",1,1.1000000000000001,3,null,"84439990","ROLAND WIPER,HEAD VS-640/XR-640",null,"Buc",10,78.78,0,787.8,2]
["2024-04-04","ATLAS DIGITAL SA","EL094154295","JP","GR","EXW",1,1.1000000000000001,3,null,"84439990","ROLAND WIPER,HEAD VG-640",null,"Buc",6,65.650000000000006,0,393.9,2]
["2024-04-05","ATLAS DIGITAL SA","EL094154295","JP","GR","EXW",1,1.1000000000000001,3,null,"84439990","ROLAND TUC-4 TAKE-UP CONTROLLER",null,"Buc",1,3509.75,19,3509.75,2]
["2024-04-05","ATLAS DIGITAL SA","EL094154295","JP","GR","EXW",1,1.1000000000000001,3,null,"84439990","ROLAND TU4-64 TAKE-UP RAIL",null,"Buc",1,1186.75,14,1186.75,2]
["2024-04-12","ATLAS DIGITAL SA","EL094154295","JP","GR","EXW",1,1.1000000000000001,3,null,"84439990","ROLAND DAMPER,INK VS-640_1",null,"Buc",30,292.14,0,8764.2800000000007,2]
["2024-04-25","ATLAS DIGITAL SA","EL094154295","JP","GR","EXW",1,1.1000000000000001,3,null,"84439990","ROLAND XD-CH3",null,"Buc",3,242.4,0,727.2,2]
["2024-04-25","ATLAS DIGITAL SA","EL094154295","JP","GR","EXW",1,1.1000000000000001,3,null,"84439990","ROLAND CABLE-CARD,36P1 2670L BB HIGH-V",null,"Buc",2,177.26,0,354.51,2]
["2024-04-25","ATLAS DIGITAL SA","EL094154295","JP","GR","EXW",1,1.1000000000000001,3,null,"84439990","ROLAND WIPER,HEAD FELT VS-640",null,"Buc",5,45.96,0,229.78,2]
["2024-04-25","ATLAS DIGITAL SA","EL094154295","JP","GR","EXW",1,1.1000000000000001,3,null,"84439990","ROLAND PAD,CLEANER D VG-640TH",null,"Buc",2,82.06,0,164.13,2]
["2024-04-25","ATLAS DIGITAL SA","EL094154295","JP","GR","EXW",1,1.1000000000000001,3,null,"84439990","ROLAND ASSY,DRAIN PAD BN-20_01",null,"Buc",2,108.32,0,216.65,2]
["2024-04-25","ATLAS DIGITAL SA","EL094154295","JP","GR","EXW",1,1.1000000000000001,3,null,"84439990","ROLAND CUTTING BLADE ZEC-U5022 55°/0.25, 2pcs",null,"Buc",5,167.41,0,837.04,2]
["2024-04-25","ATLAS DIGITAL SA","EL094154295","JP","GR","EXW",1,1.1000000000000001,3,null,"84439990","ROLAND P-ROLLER,TD16S4(B10) TYPE2-2 (EXT)",null,"Buc",10,137.87,0,1378.65,2]
["2024-04-25","ATLAS DIGITAL SA","EL094154295","JP","GR","EXW",1,1.1000000000000001,3,null,"84439990","ROLAND ASSY,HEAD INKJET VS-640",null,"Buc",1,7741.65,0,7741.65,2]
["2024-04-25","ATLAS DIGITAL SA","EL094154295","JP","GR","EXW",1,1.1000000000000001,3,null,"84439990","ROLAND ASSY,HEAD INKJET SV LEF2-300",null,"Buc",2,2590.35,0,5180.6899999999996,2]
["2024-04-25","ATLAS DIGITAL SA","EL094154295","JP","GR","EXW",1,1.1000000000000001,3,null,"84439990","ROLAND ZEC-U5022 CUTTING BLADE - 55°/0.25",null,"Buc",14,167.41,0,2343.71,2]
["2024-04-25","ATLAS DIGITAL SA","EL094154295","JP","GR","EXW",1,1.1000000000000001,3,null,"84439990","ROLAND ASSY,CAP-TOP 2 XC-540 (UV ink)",null,"Buc",6,118.17,0,709.02,2]
["2024-04-25","ATLAS DIGITAL SA","EL094154295","JP","GR","EXW",1,1.1000000000000001,3,null,"84439990","ROLAND KEY TOP,FS-SX1H MCG",null,"Buc",2,4.24,0,8.48,2]
["2024-04-25","ATLAS DIGITAL SA","EL094154295","JP","GR","EXW",1,1.1000000000000001,3,null,"84439990","ROLAND ASSY,SERVO BOARD XR-640",null,"Buc",1,1844.77,0,1844.77,2]
["2024-04-25","ATLAS DIGITAL SA","EL094154295","JP","GR","EXW",1,1.1000000000000001,3,null,"84439990","ROLAND P-ROLLER,FD16S4(B10) TYPE2-2 (INT)",null,"Buc",3,147.71,0,443.14,2]
["2024-04-25","ATLAS DIGITAL SA","EL094154295","JP","GR","EXW",1,1.1000000000000001,3,null,"84439990","ROLAND ASSY,PINCHROLL C CG2048",null,"Buc",1,370.97,32,370.97,2,{"$f":"4375.95*0.1","v":437.59500000000003}]
["2024-04-30","ATLAS DIGITAL SA","EL094154295","JP","GR","EXW",1,1.1000000000000001,3,null,"84561190","ROLAND ROTARY AXES for MO-240",null,"Buc",1,10731.25,30,10731.25,2,{"$f":"4375.95*0.2","v":875.19}]
["2024-04-11","BROTHER INT INDUSTRIEMASCHINEN GMBH","DE814895445","JP","DE","EXW",1,1.1000000000000001,3,null,"29094100","BROTHER GTX PRE-TREATMENT 20Kg (17,5 Lt)",null,"Buc",6,2116.96,72,12701.76,2,{"$f":"2438.42*0.1","v":243.84200000000001}]
["2024-04-17","BROTHER INT INDUSTRIEMASCHINEN GMBH","DE814895445","JP","DE","EXW",1,1.1000000000000001,3,null,"32151100","BROTHER GTX INK 1.8L BLACK",null,"Buc",2,1386.23,4.2,2772.45,2,{"$f":"2438.42*0.05","v":121.92100000000001}]
["2024-04-11","BROTHER INT INDUSTRIEMASCHINEN GMBH","DE814895445","JP","DE","EXW",1,1.1000000000000001,3,null,"32151900","BROTHER GTX INK WHITE 700cc (2 pcs)",null,"Buc",30,1236.8499999999999,87,37105.379999999997,2]
["2024-04-16","BROTHER INT INDUSTRIEMASCHINEN GMBH","DE814895445","JP","DE","EXW",1,1.1000000000000001,3,null,"32151900","BROTHER GTX INK 18L WHITE (GTX BULK)",null,"Buc",1,8650.65,{"$f":"1.05*18","v":18.900000000000002},8650.65,2]
["2024-04-17","BROTHER INT INDUSTRIEMASCHINEN GMBH","DE814895445","JP","DE","EXW",1,1.1000000000000001,3,null,"32151900","BROTHER GT-3 INK WHITE 380cc (2 pcs)",null,"Buc",10,1050.4000000000001,23.5,10504,2]
["2024-04-17","BROTHER INT INDUSTRIEMASCHINEN GMBH","DE814895445","JP","DE","EXW",1,1.1000000000000001,3,null,"32151900","BROTHER GTX INK 1.8L YELLOW",null,"Buc",2,1386.23,8.4,2772.45,2]
["2024-04-17","BROTHER INT INDUSTRIEMASCHINEN GMBH","DE814895445","JP","DE","EXW",1,1.1000000000000001,3,null,"32151900","BROTHER GTX INK 18L WHITE (GTX BULK)",null,"Buc",1,8650.65,{"$f":"1.05*18","v":18.900000000000002},8650.65,2,{"$f":"2438.42*0.7","v":1706.894}]
["2024-04-17","BROTHER INT INDUSTRIEMASCHINEN GMBH","DE814895445","JP","DE","EXW",1,1.1000000000000001,3,null,"34029090","BROTHER GT-3 MAINT. SOL 5L",null,"Buc",4,432.28,15.52,1729.12,2,{"$f":"2438.42*0.05","v":121.92100000000001}]
["2024-04-11","BROTHER INT INDUSTRIEMASCHINEN GMBH","DE814895445","JP","DE","EXW",1,1.1000000000000001,3,null,"84439990","BROTHER WIPER CLEANER (GT3)",null,"Buc",8,70.7,0,565.6,2]
["2024-04-11","BROTHER INT INDUSTRIEMASCHINEN GMBH","DE814895445","JP","DE","EXW",1,1.1000000000000001,3,null,"84439990","BROTHER WIPER CLEANER - 2pcs (GTX/PRO)",null,"Buc",6,74.239999999999995,0,445.41,2]
["2024-04-11","BROTHER INT INDUSTRIEMASCHINEN GMBH","DE814895445","JP","DE","EXW",1,1.1000000000000001,3,null,"84439990","BROTHER FAN FILTER SET (GTX)",null,"Buc",4,14.14,0,56.56,2]
["2024-04-11","BROTHER INT INDUSTRIEMASCHINEN GMBH","DE814895445","JP","DE","EXW",1,1.1000000000000001,3,null,"84439990","BROTHER PRINT HEAD WH (WHITEPRO)",null,"Buc",1,7388.15,0,7388.15,2]
["2024-04-11","BROTHER INT INDUSTRIEMASCHINEN GMBH","DE814895445","JP","DE","EXW",1,1.1000000000000001,3,null,"84439990","BROTHER SPRING (BM917B)",null,"Buc",4,5.5,0,22.02,2]
["2024-04-17","BROTHER INT INDUSTRIEMASCHINEN GMBH","DE814895445","JP","DE","EXW",1,1.1000000000000001,3,null,"84439990","BROTHER FAN FILTER SET (GTX)",null,"Buc",10,14.14,0,141.4,2]
["2024-04-17","BROTHER INT INDUSTRIEMASCHINEN GMBH","DE814895445","JP","DE","EXW",1,1.1000000000000001,3,null,"84439990","BROTHER POLY PRETREAT 90-2357-001 (2L)",null,"Buc",1,298.95999999999998,0,298.95999999999998,2]
["2024-04-17","BROTHER INT INDUSTRIEMASCHINEN GMBH","DE814895445","JP","DE","EXW",1,1.1000000000000001,3,null,"84439990","BROTHER MAINTE UNIT SUPPLY ASSY GTXPRO",null,"Buc",1,8134.04,17,8134.04,2,{"$f":"2438.42*0.1","v":243.84200000000001}]
["2024-04-23","IVERSEN GRAPHIC S.L.U.","B64099716","ES","ES","EXW",1,1.1000000000000001,3,null,"84439990","IG DTF FILM D-LUX PRO, 320x450 (250 SHEETS)",null,"Buc",12,357.49,0,4289.87,2]
["2024-04-23","IVERSEN GRAPHIC S.L.U.","B64099716","ES","ES","EXW",1,1.1000000000000001,3,null,"84439990","IG DTF POWDER PU75 20KG",null,"Buc",2,1298.56,36.6,2597.11,2,468.01459999999997]
["2024-04-02","WALTER SCHULZE GMBH","DE136596684","PL","DE","EXW",1,1.1000000000000001,3,null,"84439990","SCH PowDR TENSION MEASURING BAR TYPE1",null,"Buc",1,75.540000000000006,2,75.540000000000006,2,0]

{"sheet":"Sheet","index":1,"n_rows":0,"n_cols":0,"rows_kept":0,"cut":false,"hidden":false,"merged":[]}